| 000 | 01422nam a2200313Ia 4500 | ||
|---|---|---|---|
| 003 | PE SENCICO BE | ||
| 005 | 20251020182428.0 | ||
| 008 | 200515s9999 xx 000 0 und d | ||
| 020 | _a92-9088-106-4 | ||
| 040 |
_aPE SENCICO BE _cPE SENCICO BE |
||
| 041 | _aspa | ||
| 082 |
_a323.6 _bG98 |
||
| 100 | 1 |
_aGuzmán, Virginia _92400 _eautor |
|
| 245 | 0 |
_aMódulo de formación para la ciudadanía / _cVirginia Guzmán, María E. Irigoin |
|
| 250 | _a1a ed. | ||
| 260 |
_aMontevideo : _bCINTERFOR ; _c2000 |
||
| 300 |
_a194 p. : _btbl. ; _c29 cm. |
||
| 490 | _aFormujer, formación y oportunidades | ||
| 505 | 0 | _aGuía para el docente: Información general sobre el módulo -- Orientaciones metodológicas generales -- Unidad modular 1: Afianzando nuestra autonomía personal -- Unidad modular 2: Propósito de derechos y responsabilidades -- Unidad modular 3: Participación y liderazgo | |
| 610 | 1 | 0 |
_92403 _aCINTERFOR |
| 650 | 1 | 0 |
_aCiudadanía _92408 |
| 650 | 2 | 0 |
_aFormación profesional _91311 |
| 650 | 2 | 0 |
_aEstrategias de aprendizaje _92409 |
| 700 | 1 |
_92402 _aIrigoin, María E. _eautor |
|
| 710 | 1 |
_92401 _aPrograma Regional para el Fortalecimiento de la Formación Profesional y Técnica de Mujeres de Bajos Ingresos |
|
| 710 | 1 |
_92182 _aOrganización Internacional del Trabajo |
|
| 710 | 1 |
_92178 _aCentro Interamericano de Investigación y Documentación sobre Formación Profesional |
|
| 942 |
_cLIB _2ddc |
||
| 999 |
_c171 _d171 |
||